A Song of Ice and Fire Surnames Quiz Stats

Quiz Updated Jan 28, 2015

Challenge
Share
Tweet
Embed
Score 0/100 Timer 10:00
7 Plays Today
% Correct
Targaryen
89.8%
Baratheon
89.7%
Baratheon
89.6%
Targaryen
89.5%
Lannister
89.3%
Lannister
89.3%
Stark
89.2%
Stark
89.2%
Stark
89%
Baelish
89%
Stark
88.9%
Stark
88.6%
Targaryen
88.6%
Snow
88.6%
Stark
88.4%
Baratheon
88.3%
Baratheon
88.3%
Clegane
88%
Clegane
87.7%
Stark
87.7%
Lannister
87.5%
Tarth
87.5%
Lannister
87.3%
Targaryen
86.4%
Tarly
86.4%
Bolton
86.4%
Tyrell
86%
Stark
85.4%
Rayder
85.1%
Mormont
84.5%
Baratheon
84.1%
Tyrell
84%
Seaworth
83.9%
Tully
83.6%
% Correct
Lannister
83.4%
Tully
83.2%
Greyjoy
82.5%
Tully
82.5%
Lannister
82.4%
Arryn
82.3%
Martell
82%
Targaryen
81.6%
Selmy
81.6%
Tully
81.6%
Frey
81.1%
Payne
81%
Mormont
81%
H'ghar
80.6%
Payne
80.5%
Arryn
79.9%
Martell
78.9%
Tully
78.9%
Reed
78.8%
Greyjoy
78.5%
Reed
77.5%
Dondarrion
77%
Greyjoy
76.4%
Greyjoy
76.1%
Forel
75.6%
Greyjoy
75.5%
Naharis
75.4%
Slynt
75.1%
Baratheon
75%
Tyrell
73.7%
Cassel
72.9%
Thorne
72.7%
Halfhand
71.6%
Martell
71.4%
% Correct
Giantsbane
71.1%
Greyjoy
71.1%
Umber
71%
Pree
68.9%
Saan
67.8%
Kettleblack
67.3%
Poole
67.1%
Duur
66.1%
Cassel
65.9%
Martell
65.1%
Kettleblack
65%
Daxos
63.6%
Mopatis
62.6%
Frey
62.5%
Hoat
60.7%
Marsh
60.6%
Kettleblack
60.5%
Connington
59.4%
Westerling
58.2%
Pyke
55.7%
Reznak
55.2%
Manderly
54.5%
Hotah
54.5%
Plumm
53.5%
Royce
53.2%
Redwyne
52.9%
Tollett
52.8%
Loraq
52.7%
Sixskins
49.9%
Oakheart
49%
Qaggaz
42.8%
Kandaq
40.2%

You're not logged in!

Compare scores with friends on all Sporcle quizzes.
Sign Up with Email
OR
Log In

You Might Also Like...

Show Comments

Extras

Top Quizzes Today


Score Distribution

Your Account Isn't Verified!

In order to create a playlist on Sporcle, you need to verify the email address you used during registration. Go to your Sporcle Settings to finish the process.